CREO pracovné listy : angličtina

Guardado en:
Detalles Bibliográficos
Autor principal: Hitková, Petra
Otros Autores: Bodláková, Eva, Lojová, Gabriela
Formato: Libro
Lenguaje:eslovaco
inglés
Publicado: Bratislava ŠEVT [2014]
Edición:1. vyd.
Materias:
Etiquetas: Agregar Etiqueta
Sin Etiquetas, Sea el primero en etiquetar este registro!

MARC

LEADER 00000nam a2200000 4500
001 0209814
005 20240502073506.7
041 0 |a slo 
041 0 |a eng 
044 |a SK 
245 1 0 |a CREO pracovné listy : angličtina  |c Petra Hitková, Eva Bodláková ; recenzent: Gabriela Lojová 
250 |a 1. vyd. 
264 1 |a Bratislava  |b ŠEVT  |c [2014] 
300 |a [51 s.] 
500 |a MŠVVaŠ SR zaradilo túto cvičebnicu do zoznamu odporúčaných materiálnych didaktických prostriedkov určených na výučbu anglického jazyka v 3. - 5. ročníku základných škôl 
610 2 0 |a jazyky cudzie 
610 2 0 |a angličtina 
610 2 0 |a vyučovanie 
610 2 0 |a didaktika 
610 2 0 |a zásoba slovná 
610 2 0 |a gramatika 
100 1 |a Hitková, Petra 
700 1 |a Bodláková, Eva 
700 1 |a Lojová, Gabriela